000 00241nam a2200085Ia 4500
008 170620s9999 xx 000 0 und d
100 _aRather- A. R.
245 0 _aDevelopment of Education System in India
260 _bNew Delhi- Discovery Publishing House
260 _c2005
999 _c24314
_d24314